| 000 | 00760nam a2200217Ia 4500 | ||
|---|---|---|---|
| 003 | IN-BaIIA | ||
| 008 | 211028s9999 xx 000 0 eng d | ||
| 020 | _a0-8240-9283-X | ||
| 040 | _cIIA Library | ||
| 080 |
_a52(091) _bDEV |
||
| 100 |
_aDeVorkin, David H. _913118 |
||
| 245 | 4 |
_aThe history of modern astronomy and astrophysics _ba selected annotated bibliography _cDavid H. DeVorkin |
|
| 260 |
_aNew York _bGarland Publishing _c1982 |
||
| 300 | _axxvii, 434p. | ||
| 490 | _aBibliography of the history of Science and Technology; v. 1 | ||
| 650 | _aAstronomy and astrophysics thesaurus | ||
| 650 |
_aAstronomy-History _9900 |
||
| 650 |
_aBibliography _92940 |
||
| 650 |
_aHistory-Astronomy _91125 |
||
| 942 | _cBK | ||
| 999 |
_c7766 _d7766 |
||